| Поле | Инд. | ПП | Название | Значение |
|---|---|---|---|---|
| Тип записи | a | |||
| Библиографический уровень | m | |||
| 001 | Контрольный номер | f65cf67b312747138db09e5bcc0c3bb4 | ||
| 005 | Дата корректировки | 20240607120740.4 | ||
| 008 | Кодируемые данные | 240524|||||||||ru |||||||||||||||||rus|| | ||
| 020 | a | ISBN | 978-5-903180-16-5 | |
| 041 | 0_ | a | Код языка текста | rus |
| 084 | a | Индекс другой классификации/Индекс ББК | 39.42-082.03+67.911.17 | |
| 090 | a | Полочн. индекс | 39.42-082 | |
| x | Авторский знак | М 43 | ||
| 203 | a | Вид содержания | Текст | |
| c | Тип средства | непосредственное | ||
| 245 | 10 | a | Заглавие | Международные правила предупреждения столкновений судов в море, 1972 |
| b | Продолж. заглавия | текст МППСС - 72 и резолюция ИМО А. 1085(28) с поправками на 1 января 2016 г. | ||
| 246 | 01 | a | Другая форма заглавия | International regulations for preventing collisions at sea, 1972 |
| 250 | a | Основные сведения об издании | 6-е изд., испр. и доп. | |
| 260 | a | Место издания | Москва | |
| b | Издательство | Моркнига | ||
| c | Дата издания | 2020 | ||
| 300 | a | Объем | 167 с. | |
| b | Иллюстрации/ тип воспроизводства | цв. ил. | ||
| 500 | a | Примечание | Загл. и текст парал. рус., англ. | |
| 520 | 0_ | a | Аннотация | Настоящее издание содержит на русском и английском языках текст Международных правил предупреждения столкновений судов в море, 1972 г. (МППСС-72) и Резолюцию ИМО А. 1085(28) с поправками, которые вступают в силу с 1 января 2016 г. Издание содержит 161 цветной рисунок, поясняющий наиболее сложные пунгкты Правил. Впервые рисунки, поясняющие пункты Правил, размещены непосредственно в текстек, |
| 650 | 04 | a | Основная рубрика | Безопасность мореплавания-Международные правила предупреждения столкновения судов |
| 653 | 0_ | a | Ключевые слова | Безопасность мореплавания |
| a | Ключевые слова | Международные правила предупреждения столкновения судов | ||
| a | Ключевые слова | МППСС-72 | ||
| 900 | a | Имя макрообъекта | Международные правила предупреждения столкновений судов в море | |
| 901 | t | Тип документа | m |